<?xml version="1.0" encoding="UTF-8"?>
<record
    xmlns:xsi="http://www.w3.org/2001/XMLSchema-instance"
    xsi:schemaLocation="http://www.loc.gov/MARC21/slim http://www.loc.gov/standards/marcxml/schema/MARC21slim.xsd"
    xmlns="http://www.loc.gov/MARC21/slim">

  <leader>01632    a2200265   4500</leader>
  <controlfield tag="003">Nust</controlfield>
  <controlfield tag="005">20221208101019.0</controlfield>
  <datafield tag="010" ind1=" " ind2=" ">
    <subfield code="a">   98175544</subfield>
  </datafield>
  <datafield tag="020" ind1=" " ind2=" ">
    <subfield code="a">0852969198</subfield>
  </datafield>
  <datafield tag="035" ind1=" " ind2=" ">
    <subfield code="a">(OCoLC)38227396</subfield>
  </datafield>
  <datafield tag="040" ind1=" " ind2=" ">
    <subfield code="c">Nust</subfield>
  </datafield>
  <datafield tag="082" ind1=" " ind2=" ">
    <subfield code="a">621.382,OOD</subfield>
  </datafield>
  <datafield tag="100" ind1="1" ind2=" ">
    <subfield code="a">Oodan, A. P.</subfield>
    <subfield code="9">97397</subfield>
  </datafield>
  <datafield tag="245" ind1="1" ind2="0">
    <subfield code="a">Quality of service in telecommunications /</subfield>
    <subfield code="c">A.P. Oodan, K.E. Ward and A.W. Mullee.</subfield>
  </datafield>
  <datafield tag="260" ind1=" " ind2=" ">
    <subfield code="a">London :</subfield>
    <subfield code="b">Institution of Electrical Engineers,</subfield>
    <subfield code="c">c1997.</subfield>
  </datafield>
  <datafield tag="300" ind1=" " ind2=" ">
    <subfield code="a">xxiii, 375 p. :</subfield>
    <subfield code="b">ill. ;</subfield>
    <subfield code="c">24 cm.</subfield>
  </datafield>
  <datafield tag="490" ind1="1" ind2=" ">
    <subfield code="a">IEE telecommunications series ;</subfield>
    <subfield code="v">v. 39</subfield>
  </datafield>
  <datafield tag="505" ind1=" " ind2=" ">
    <subfield code="a">Introduction to Quality of Service (Page-1), Key Issues of Quality of Service (Page-12), Review of Major Studies (Page-19), A Framework for Quality of Service Management (Page-35), Customer&#x2019;s Quality of Service Requirements (Page-47), Quality of Service Offered (Page-67), Quality of Services Delivered (Page-84), Customer Perception of Quality of Service (Page-97), Service Surround and Service Management (Page-116), Network Performance Engineering (Page-136), Network Integrity (Page-168), Economics of Quality of Service (Page-200), Role of Standards (Page-221), Role of user Groups (Page-242), Role of Regulation (Page-253), Comparisons of Quality of Service (Page-272), Practical Management of Quality of Service (Page-294), Quality of Service: The Future (Page-313), Standardizing the Framework (Page-333)</subfield>
  </datafield>
  <datafield tag="650" ind1=" " ind2="0">
    <subfield code="a">Telecommunication Engineering</subfield>
  </datafield>
  <datafield tag="650" ind1=" " ind2="0">
    <subfield code="a">Telecommunication</subfield>
    <subfield code="x">Reliability.</subfield>
    <subfield code="9">104408</subfield>
  </datafield>
  <datafield tag="700" ind1="1" ind2=" ">
    <subfield code="a">Mullee, A. W.</subfield>
    <subfield code="9">97398</subfield>
  </datafield>
  <datafield tag="700" ind1="1" ind2=" ">
    <subfield code="a">Ward, K. E.</subfield>
    <subfield code="9">97399</subfield>
  </datafield>
  <datafield tag="830" ind1=" " ind2="0">
    <subfield code="a">IEE telecommunications series ;</subfield>
    <subfield code="9">94245</subfield>
  </datafield>
  <datafield tag="942" ind1=" " ind2=" ">
    <subfield code="2">ddc</subfield>
    <subfield code="c">BK</subfield>
  </datafield>
  <datafield tag="999" ind1=" " ind2=" ">
    <subfield code="c">182552</subfield>
    <subfield code="d">182552</subfield>
  </datafield>
  <datafield tag="952" ind1=" " ind2=" ">
    <subfield code="0">0</subfield>
    <subfield code="1">0</subfield>
    <subfield code="2">ddc</subfield>
    <subfield code="4">0</subfield>
    <subfield code="7">0</subfield>
    <subfield code="a">MCS</subfield>
    <subfield code="b">MCS</subfield>
    <subfield code="c">GEN</subfield>
    <subfield code="d">2016-12-12</subfield>
    <subfield code="o">621.382,OOD</subfield>
    <subfield code="p">MCS26681</subfield>
    <subfield code="r">2016-12-08</subfield>
    <subfield code="w">2016-12-12</subfield>
    <subfield code="y">BK</subfield>
    <subfield code="z">Almirah No.35, Shelf No.4</subfield>
  </datafield>
</record>
